The Wulff crystal in Ising and percolation models : Ecole d'Ete de Probabilites de Saint-Flour XXXIV, 2004

Αποθηκεύτηκε σε:
Λεπτομέρειες βιβλιογραφικής εγγραφής
Κύριος συγγραφέας: Cerf, Raphael
Άλλοι συγγραφείς: Picard, Jean 1959- (Επιμελητής έκδοσης)
Μορφή: Βιβλίο
Γλώσσα:English
Δημοσίευση: Berlin : Springer, c2006
Σειρά:Lecture notes in mathematics (Springer-Verlag) ; 1878
Θέματα:
Ετικέτες: Προσθήκη ετικέτας
Δεν υπάρχουν, Καταχωρήστε ετικέτα πρώτοι!

MARC

LEADER 00000nam a2200000 i 4500
001 1/75259
008 080221s2006 eng d
020 |a 978-3-540-30988-8 
020 |a 3-540-30988-8 
035 |l 10094875 
040 |a GR-MY-UA  |b gre  |e aacr 
041 0 |a eng 
082 0 |a 530.13  |2 (22) 
100 1 |a Cerf, Raphael. 
245 1 4 |a The Wulff crystal in Ising and percolation models :  |b Ecole d'Ete de Probabilites de Saint-Flour XXXIV, 2004 /  |c R. Cerf ; editor Jean Picard 
260 |a Berlin :   |b Springer,   |c c2006 
300 |a xiv, 264 σ.;  |b εικ.;  |c 24 εκ. 
490 1 |a Lecture notes in mathematics  |v ; 1878 
504 |a Περιέχει βιβλιογραφικές παραπομπές (σ. [253]-258) και ευρετήριο 
650 0 0 |a Phase transformations (Statistical physics) 
700 1 |a Picard, Jean  |d 1959-  |4 edt 
830 0 |a Lecture notes in mathematics (Springer-Verlag)  |v ; 1878 
852 |a INST  |b SAMOS  |e 20080221  |h 530.13 CER  |p 005300026806  |q 005300026806  |t BK  |y 0 
901 |a BIBL3-2008-1 
909 |a Σ  |b 142275 
922 |a 3ΕΛΗ  |b 200712  |c ΕΠΕΑΕΚ2/ΤΜΗΜΑ ΜΑΘΗΜΑΤΙΚΩΝ  |d ΠΑΠΑΣΩΤΗΡΙΟΥ 
970 |a ΡΟΥΣΣΟΥ  |b ΚΩΝΣΤΑΝΤΙΝΑ  |z 2008/02/21